[Event "GBR-ch 105th Weekend op"]
[Site "Hull"]
[Date "2018.07.28"]
[Round "2"]
[White "Ilett, Raymond"]
[Black "Kilshaw, Joe"]
[Result "0-1"]
[WhiteElo "1850"]
[BlackElo "2031"]
[PlyCount "124"]
[EventDate "2018.07.27"]
[EventType "swiss"]
[EventRounds "5"]
[EventCountry "ENG"]
[SourceTitle "EXT 2019"]
[Source "ChessBase"]
[SourceDate "2018.10.10"]
[SourceVersion "1"]
[SourceVersionDate "2018.10.10"]
[SourceQuality "1"]

1. d4 f5 2. c4 Nf6 3. Nc3 e6 4. Nf3 Be7 5. Bf4 0-0 6. e3 d5 7. Bd3 c6 8. Qb3 Ne4 9. cxd5 exd5 10. Bxe4 fxe4 11. Nxe4 Kh8 12. Nc3 Nd7 13. 0-0 Qe8 14. Rac1 Qh5 15. Ne2 g5 16. Ng3 Qh6 17. Bc7 Bf6 18. h3 Bg7 19. e4 Nf6 20. e5 Nh5 21. Bd6 Rf7 22. Nxh5 Qxh5 23. Qe3 Bh6 24. e6 Rxf3 25. gxf3 Qxh3 26. e7 Bd7 27. Rce1 g4 28. Qe5+ Kg8 29. fxg4 Kf7 30. Qg3 Qxg4 31. Qxg4 Bxg4 32. Re5 Re8 33. f3 Bd7 34. Ree1 Bg5 35. f4 Bf6 36. Be5 Rg8+ 37. Kh2 Bxe7 38. Rg1 h5 39. Rxg8 Kxg8 40. Rg1+ Bg4 41. f5 Kf7 42. f6 Bd8 43. Kg3 Ba5 44. Rg2 Be1+ 45. Kh2 Bh4 46. Kg1 Ke6 47. Rc2 Bxf6 48. Bxf6 Kxf6 49. Rf2+ Bf5 50. Kg2 Kg5 51. Re2 Be4+ 52. Kh2 Kf4 53. Kh3 Kf3 54. Re1 Kf2 55. Rc1 Ke3 56. Rg1 Kxd4 57. Rg7 Ke3 58. Rxb7 d4 59. Rxa7 d3 60. Kg3 d2 61. Rd7 Bd5 62. Re7+ Kd3 0-1

[Event "BCF-ch Weekend op"]
[Site "Bournemouth"]
[Date "2016.07.31"]
[Round "5"]
[White "Wilson, Matthew R"]
[Black "Ilett, Raymond"]
[Result "0-1"]
[WhiteElo "1772"]
[BlackElo "1920"]
[PlyCount "128"]
[EventDate "2016.07.29"]
[EventType "swiss"]
[EventRounds "5"]
[EventCountry "ENG"]
[SourceTitle "CBM 173 Extra"]
[Source "ChessBase"]
[SourceDate "2016.08.29"]
[SourceVersion "1"]
[SourceVersionDate "2016.08.29"]
[SourceQuality "1"]

1. e4 d5 2. exd5 Nf6 3. d4 Nxd5 4. Nf3 g6 5. c4 Nb6 6. Nc3 Bg7 7. Be2 Nc6 8. Be3 0-0 9. 0-0 Bg4 10. Ne5 Nxe5 11. dxe5 Qxd1 12. Bxd1 Bxd1 13. Bxb6 axb6 14. Nxd1 Bxe5 15. Re1 Bd6 16. Nc3 Bb4 17. Re3 Bxc3 18. Rxc3 Rfd8 19. Rc2 Rd4 20. Kf1 e5 21. b3 f5 22. Ke2 Kf7 23. Rd1 Rxd1 24. Kxd1 Rd8+ 25. Ke2 Ke6 26. h4 Rd4 27. g3 e4 28. Rc1 h6 29. Ke3 Rd3+ 30. Ke2 Ke5 31. Rg1 Kd4 32. Rc1 c5 33. Rc2 g5 34. hxg5 hxg5 35. Rc1 f4 36. gxf4 gxf4 37. Rh1 f3+ 38. Ke1 Kc3 39. Rh5 Rd2 40. Rd5 Rxa2 41. Rd1 Re2+ 42. Kf1 Kc2 43. Ra1 Rd2 44. Ra2+ Kd3 45. Ra1 e3 46. fxe3 Kxe3 47. Re1+ Re2 48. Rc1 Rd2 49. Re1+ Kf4 50. Re7 Rb2 51. Rxb7 Rxb3 52. Rf7+ Ke3 53. Re7+ Kd4 54. Rf7 Kxc4 55. Rf4+ Kb5 56. Kf2 c4 57. Rxf3 Ka4 58. Rf8 b5 59. Ra8+ Kb4 60. Rc8 Rd3 61. Rc7 Kc3 62. Ra7 b4 63. Ra1 Kb2 64. Ra4 Kb3 0-1

[Event "GBR-ch 102nd"]
[Site "Coventry"]
[Date "2015.08.06"]
[Round "10"]
[White "Ilett, Raymond"]
[Black "Willmoth, Robert"]
[Result "0-1"]
[WhiteElo "1886"]
[BlackElo "2173"]
[PlyCount "102"]
[EventDate "2015.07.27"]
[EventType "swiss"]
[EventRounds "11"]
[EventCountry "ENG"]
[SourceTitle "CBM 167 Extra"]
[Source "ChessBase"]
[SourceDate "2015.09.14"]
[SourceVersion "1"]
[SourceVersionDate "2015.09.14"]
[SourceQuality "1"]

1. d4 d6 2. Nf3 Bg4 3. c4 Nd7 4. Nc3 g6 5. h3 Bxf3 6. exf3 Bg7 7. Be3 c5 8. d5 Bxc3+ 9. bxc3 Qa5 10. Qd2 Ngf6 11. Bh6 Rg8 12. Bd3 Ne5 13. Bf4 Nxd3+ 14. Qxd3 0-0-0 15. 0-0 Kb8 16. Rab1 g5 17. Rb5 Qc7 18. Bh2 h5 19. Rfb1 Ka8 20. Qe2 Rd7 21. Qb2 g4 22. hxg4 hxg4 23. fxg4 Nxg4 24. Bg3 Rg6 25. Qa3 a6 26. Rb6 Ka7 27. Qa4 Rg8 28. f3 Ne3 29. Kf2 Nf5 30. Bf4 e5 31. dxe6 fxe6 32. g4 e5 33. Rxb7+ Qxb7 34. Rxb7+ Rxb7 35. Bc1 Ne7 36. Qd1 Rd7 37. Be3 Kb6 38. Qa4 Nc6 39. Qb3+ Kc7 40. Qa4 e4 41. g5 Rf7 42. f4 Rxg5 43. Qxa6 Rg8 44. Qa4 Rh7 45. Bc1 Rh1 46. Ba3 Rh3 47. Qb5 Rf3+ 48. Ke2 Rg2+ 49. Ke1 e3 50. Bxc5 dxc5 51. Qxc5 e2 0-1

[Event "GBR-ch 102nd"]
[Site "Coventry"]
[Date "2015.08.05"]
[Round "9"]
[White "Menadue, Jeremy FS"]
[Black "Ilett, Raymond"]
[Result "0-1"]
[WhiteElo "2042"]
[BlackElo "1886"]
[PlyCount "118"]
[EventDate "2015.07.27"]
[EventType "swiss"]
[EventRounds "11"]
[EventCountry "ENG"]
[SourceTitle "CBM 167 Extra"]
[Source "ChessBase"]
[SourceDate "2015.09.14"]
[SourceVersion "1"]
[SourceVersionDate "2015.09.14"]
[SourceQuality "1"]

1. Nf3 Nf6 2. c4 e6 3. Nc3 d5 4. d4 Bb4 5. g3 0-0 6. Bg2 Nbd7 7. cxd5 exd5 8. 0-0 c6 9. Qc2 Re8 10. Bg5 h6 11. Bf4 Qe7 12. Rfe1 Ne4 13. a3 Bxc3 14. bxc3 g5 15. Bc1 Qf6 16. Rf1 Nb6 17. Ne1 Bf5 18. Nd3 Qe6 19. Re1 Qg6 20. Rf1 Nc4 21. a4 Re6 22. g4 Bxg4 23. f3 Nf6 24. fxg4 Nxg4 25. Bh3 Qe4 26. Bg2 Qxg2+ 27. Kxg2 Nge3+ 28. Bxe3 Nxe3+ 29. Kf3 Nxc2 30. Rac1 Rf6+ 31. Kg3 Rxf1 32. Rxf1 Ne3 33. Rf3 Nc4 34. h4 Kg7 35. hxg5 hxg5 36. Kg4 f6 37. Nc5 Re8 38. Rf2 Kg6 39. Nxb7 f5+ 40. Kg3 Re3+ 41. Kh2 g4 42. Rg2 Rh3+ 43. Kg1 Ne3 44. Rh2 Rg3+ 45. Kf2 f4 46. Nd8 Nd1+ 47. Ke1 Rg1+ 48. Kd2 Ne3 49. c4 Nxc4+ 50. Kc2 Ne3+ 51. Kb2 f3 52. Nxc6 Rg2 53. Ne5+ Kg7 54. Rh5 Nc4+ 55. Nxc4 dxc4 56. Kc3 f2 57. Rf5 g3 58. d5 Rg1 59. d6 f1Q 0-1

[Event "GBR-ch 102nd"]
[Site "Coventry"]
[Date "2015.08.03"]
[Round "7"]
[White "Paterson, Andrew I"]
[Black "Ilett, Raymond"]
[Result "1-0"]
[WhiteElo "2039"]
[BlackElo "1886"]
[PlyCount "55"]
[EventDate "2015.07.27"]
[EventType "swiss"]
[EventRounds "11"]
[EventCountry "ENG"]
[SourceTitle "CBM 167 Extra"]
[Source "ChessBase"]
[SourceDate "2015.09.14"]
[SourceVersion "1"]
[SourceVersionDate "2015.09.14"]
[SourceQuality "1"]

1. e4 d5 2. exd5 Nf6 3. d4 Nxd5 4. Nf3 g6 5. Be2 Bg7 6. 0-0 0-0 7. Re1 Nc6 8. c3 Bf5 9. Na3 Re8 10. Bb5 Bg4 11. Nc4 Bxf3 12. Qxf3 Nxd4 13. cxd4 c6 14. Ne5 Bxe5 15. Rxe5 Nf6 16. Bf1 Qxd4 17. Re1 Rad8 18. Qb3 Ng4 19. Qf3 Rd5 20. Re4 Nxh2 21. Kxh2 Rh5+ 22. Qxh5 Qxe4 23. Qe2 Qh4+ 24. Kg1 Rd8 25. g3 Qf6 26. Be3 Rd4 27. Rd1 Rxd1 28. Qxd1 1-0

[Event "GBR-ch 102nd"]
[Site "Coventry"]
[Date "2015.07.27"]
[Round "1"]
[White "Richards, Heather"]
[Black "Ilett, Raymond"]
[Result "1-0"]
[WhiteElo "2141"]
[BlackElo "1886"]
[PlyCount "87"]
[EventDate "2015.07.27"]
[EventType "swiss"]
[EventRounds "11"]
[EventCountry "ENG"]
[SourceTitle "CBM 167 Extra"]
[Source "ChessBase"]
[SourceDate "2015.09.14"]
[SourceVersion "1"]
[SourceVersionDate "2015.09.14"]
[SourceQuality "1"]

1. e4 d5 2. exd5 Nf6 3. Be2 Nxd5 4. d4 Bf5 5. Nf3 e6 6. 0-0 Be7 7. a3 0-0 8. c4 Nb6 9. Nc3 c5 10. Bf4 N8d7 11. d5 Bf6 12. Qd2 e5 13. Be3 e4 14. Ne1 Re8 15. Rc1 Ne5 16. b3 Rc8 17. h3 a6 18. g4 Bg6 19. Ng2 Qd6 20. Bf4 Qd7 21. Bg5 Qd6 22. Qf4 Bxg5 23. Qxg5 Nbd7 24. Nh4 f6 25. Qe3 Nd3 26. Rb1 Nf4 27. Bd1 Ne5 28. Nxg6 Nexg6 29. Bc2 f5 30. gxf5 Nh4 31. Bxe4 Nxf5 32. Qf3 Nd4 33. Qe3 Qh6 34. Kh2 Re5 35. Rg1 Rce8 36. Rg4 Rxe4 37. Nxe4 Rxe4 38. Qg3 Nf5 39. Qc3 Re3 40. Rxg7+ Nxg7 41. Qxe3 Nf5 42. Qe8+ Kg7 43. Qe5+ Kg8 44. Qxf5 1-0

[Event "Newmarket EACU op"]
[Site "Newmarket"]
[Date "2015.05.31"]
[Round "4"]
[White "De Coverly, Roger D"]
[Black "Ilett, Raymond"]
[Result "0-1"]
[WhiteElo "1996"]
[BlackElo "1886"]
[PlyCount "58"]
[EventDate "2015.05.30"]
[EventType "swiss"]
[EventRounds "5"]
[EventCountry "ENG"]
[SourceTitle "CBM 166 Extra"]
[Source "ChessBase"]
[SourceDate "2015.06.18"]
[SourceVersion "1"]
[SourceVersionDate "2015.06.18"]
[SourceQuality "1"]

1. Nf3 Nf6 2. g3 b6 3. Bg2 Bb7 4. c4 e6 5. 0-0 Be7 6. Nc3 0-0 7. Re1 d5 8. cxd5 exd5 9. d4 c5 10. Bf4 Nc6 11. dxc5 bxc5 12. Nh4 d4 13. Na4 Nh5 14. Nf5 Nxf4 15. Nxe7+ Qxe7 16. gxf4 Rac8 17. e3 dxe3 18. fxe3 Rfd8 19. Qe2 Nb4 20. Bxb7 Qxb7 21. b3 Qe4 22. Rac1 Nd3 23. Rc4 Qg6+ 24. Kh1 Nxe1 25. Qxe1 Qg4 26. Nc3 Qf3+ 27. Kg1 Rd6 28. Qf2 Rg6+ 29. Kf1 Qh1+ 0-1

[Event "Newmarket EACU op"]
[Site "Newmarket"]
[Date "2015.05.31"]
[Round "5"]
[White "Ilett, Raymond"]
[Black "Hill, Alistair"]
[Result "1-0"]
[WhiteElo "1886"]
[BlackElo "2121"]
[PlyCount "109"]
[EventDate "2015.05.30"]
[EventType "swiss"]
[EventRounds "5"]
[EventCountry "ENG"]
[SourceTitle "CBM 166 Extra"]
[Source "ChessBase"]
[SourceDate "2015.06.18"]
[SourceVersion "1"]
[SourceVersionDate "2015.06.18"]
[SourceQuality "1"]

1. d4 Nf6 2. c4 g6 3. Nc3 d5 4. Nf3 Bg7 5. Bg5 Ne4 6. cxd5 Nxg5 7. Nxg5 0-0 8. Nf3 c6 9. dxc6 Nxc6 10. e3 e5 11. Nxe5 Nxe5 12. dxe5 Bxe5 13. Qxd8 Rxd8 14. Rc1 Be6 15. a3 Rd6 16. Be2 Rad8 17. 0-0 Rd2 18. Rfd1 Bb3 19. Rxd2 Rxd2 20. Kf1 Rxb2 21. Bf3 Bc2 22. Nd1 Bd3+ 23. Kg1 Ra2 24. Bxb7 Rxa3 25. f4 Bf6 26. Nf2 Bb5 27. Ng4 Bb2 28. Rc2 Ba1 29. Bd5 h5 30. Nh6+ Kg7 31. Nxf7 Rxe3 32. h3 Rd3 33. Ba2 Bd4+ 34. Kh2 Be3 35. g3 Rd2+ 36. Rxd2 Bxd2 37. Nd6 Bd3 38. Kg2 a6 39. Kf3 Kf8 40. g4 h4 41. Bc4 Bxc4 42. Nxc4 Bc3 43. Ke4 Ke7 44. f5 g5 45. Kd5 a5 46. Nb6 Bb4 47. Kc6 Kf6 48. Kd5 Ke7 49. Na4 Kf6 50. Nc5 Kf7 51. Kc4 Kf6 52. Ne4+ Ke5 53. Nxg5 Kf4 54. Ne6+ Kg3 55. g5 1-0

[Event "High Wycombe e2e4 Challengers op 05"]
[Site "High Wycombe"]
[Date "2014.05.11"]
[Round "4"]
[White "Shaw, Meyrick"]
[Black "Ilett, Raymond"]
[Result "1-0"]
[WhiteElo "1914"]
[BlackElo "1889"]
[PlyCount "77"]
[EventDate "2014.05.09"]
[EventType "swiss"]
[EventRounds "5"]
[EventCountry "ENG"]
[SourceTitle "EXT 2015"]
[Source "ChessBase"]
[SourceDate "2014.11.20"]
[SourceVersion "1"]
[SourceVersionDate "2014.11.20"]
[SourceQuality "1"]

1. d4 Nf6 2. g3 d5 3. Bg2 Bf5 4. c4 c6 5. Nc3 e6 6. Nf3 Nbd7 7. 0-0 Bd6 8. Ng5 0-0 9. e4 dxe4 10. Ngxe4 Nxe4 11. Nxe4 Bxe4 12. Bxe4 Nf6 13. Bg2 Qd7 14. Qf3 Rfe8 15. Bg5 Be7 16. Rfd1 h6 17. Bf4 Rac8 18. Rd3 Red8 19. Rad1 b5 20. b3 bxc4 21. bxc4 Qb7 22. Rb3 Qa6 23. Qe2 Nd5 24. Bc1 Nb6 25. Bf1 e5 26. Qxe5 Bf6 27. Qe4 Re8 28. Qf5 Rcd8 29. Bd3 Bxd4 30. Qh7+ Kf8 31. Qh8+ Ke7 32. Re1+ Kd7 33. Bf5+ Kc7 34. Rxe8 Qxa2 35. Re7+ Rd7 36. Rxd7+ Nxd7 37. Bf4+ Be5 38. Bxe5+ Nxe5 39. Qb8# 1-0

[Event "High Wycombe e2e4 Challengers op 05"]
[Site "High Wycombe"]
[Date "2014.05.10"]
[Round "2"]
[White "Hjort, Helge"]
[Black "Ilett, Raymond"]
[Result "1/2-1/2"]
[WhiteElo "1974"]
[BlackElo "1889"]
[PlyCount "136"]
[EventDate "2014.05.09"]
[EventType "swiss"]
[EventRounds "5"]
[EventCountry "ENG"]
[SourceTitle "EXT 2015"]
[Source "ChessBase"]
[SourceDate "2014.11.20"]
[SourceVersion "1"]
[SourceVersionDate "2014.11.20"]
[SourceQuality "1"]

1. d4 Nf6 2. Nf3 e6 3. g3 b6 4. Bg2 Bb7 5. c4 Be7 6. Nc3 d5 7. Ne5 Nbd7 8. Qa4 c6 9. Nxc6 Bxc6 10. Qxc6 Rc8 11. Qb5 Rxc4 12. e3 Qc8 13. Qb3 0-0 14. 0-0 a6 15. Bd2 b5 16. Rfc1 Qb8 17. Bf1 Rcc8 18. Qd1 Nb6 19. b3 Ba3 20. Rc2 Bd6 21. Rac1 Ba3 22. Rb1 Bd6 23. Bd3 Rc7 24. Ne2 Rxc2 25. Qxc2 Rc8 26. Qb2 Qa7 27. Rc1 Rxc1+ 28. Qxc1 Qb7 29. Ba5 Nbd7 30. f4 g6 31. Kg2 Nb8 32. Bd8 Kg7 33. Bxf6+ Kxf6 34. g4 Kg7 35. h4 Nc6 36. Kf3 Nb4 37. Bb1 f5 38. g5 Nc6 39. h5 gxh5 40. Ng3 Qc7 41. Kf2 h4 42. Nh5+ Kh8 43. Nf6 Ne7 44. Qxc7 Bxc7 45. Nd7 Bd6 46. Nf8 Kg8 47. Nxe6 Kf7 48. Nc5 Bxc5 49. dxc5 Ke6 50. Kg2 b4 51. Kh3 Kd7 52. Kxh4 Kc6 53. Kh5 Kxc5 54. Kh6 d4 55. exd4+ Kxd4 56. Kxh7 Ke3 57. g6 Kxf4 58. g7 Ke5 59. g8Q Nxg8 60. Kxg8 f4 61. Bd3 a5 62. Kf7 Kd4 63. Bc4 a4 64. Ke6 f3 65. Kf5 f2 66. Kf4 axb3 67. axb3 Kc3 68. Ke3 f1Q 1/2-1/2

[Event "BCF-ch Weekender Atkins"]
[Site "Torquay"]
[Date "2013.08.03"]
[Round "2.9"]
[White "Ilett, Raymond"]
[Black "Abbott, Mark V"]
[Result "1-0"]
[WhiteElo "1881"]
[BlackElo "1956"]
[PlyCount "57"]
[EventDate "2013.08.02"]
[EventType "swiss"]
[EventRounds "5"]
[EventCountry "ENG"]
[SourceTitle "EXT 2023"]
[Source "ChessBase"]
[SourceDate "2022.10.05"]
[SourceVersion "1"]
[SourceVersionDate "2022.10.05"]
[SourceQuality "1"]

1. d4 Nf6 2. c4 c5 3. d5 b5 4. Nf3 g6 5. cxb5 a6 6. e3 Bb7 7. Nc3 e6 8. e4 exd5 9. exd5 d6 10. bxa6 Qe7+ 11. Be3 Nxa6 12. Bb5+ Nd7 13. 0-0 Kd8 14. Bg5 f6 15. Re1 fxg5 16. Rxe7 Bxe7 17. Qe2 Nc7 18. Re1 Re8 19. Qd2 Nxb5 20. Nxb5 h6 21. h3 Rxa2 22. Qc2 Ra5 23. Qb3 Bxd5 24. Qxd5 Rxb5 25. Ra1 Rxb2 26. Qc6 Nb8 27. Ra8 Bf8 28. Nd2 Ke7 29. Ra7+ 1-0

[Event "BCF-ch Weekender Atkins"]
[Site "Torquay"]
[Date "2013.08.02"]
[Round "1.6"]
[White "Pleasants, Allan J"]
[Black "Ilett, Raymond"]
[Result "1-0"]
[WhiteElo "2038"]
[BlackElo "1881"]
[PlyCount "37"]
[EventDate "2013.08.02"]
[EventType "swiss"]
[EventRounds "5"]
[EventCountry "ENG"]
[SourceTitle "EXT 2023"]
[Source "ChessBase"]
[SourceDate "2022.10.05"]
[SourceVersion "1"]
[SourceVersionDate "2022.10.05"]
[SourceQuality "1"]

1. d4 Nf6 2. Nf3 e6 3. c3 b6 4. Bg5 Bb7 5. Nbd2 d5 6. e3 Nbd7 7. Bd3 Be7 8. Ne5 0-0 9. f4 c5 10. Qf3 Nxe5 11. fxe5 Nd7 12. Qh3 g6 13. Bh6 Re8 14. 0-0 Bf8 15. Nf3 Bxh6 16. Qxh6 Qe7 17. Ng5 f5 18. exf6 Nxf6 19. Rxf6 1-0

[Event "Bournemouth op"]
[Site "Bournemouth"]
[Date "2012.04.22"]
[Round "4"]
[White "Homolka, Vincent"]
[Black "Ilett, Raymond"]
[Result "1/2-1/2"]
[WhiteElo "1837"]
[BlackElo "1893"]
[PlyCount "106"]
[EventDate "2012.04.20"]
[EventType "swiss"]
[EventRounds "5"]
[EventCountry "ENG"]
[SourceTitle "CBM 148 Extra"]
[Source "ChessBase"]
[SourceDate "2012.06.22"]
[SourceVersion "1"]
[SourceVersionDate "2012.06.22"]
[SourceQuality "1"]

1. e4 d5 2. exd5 Nf6 3. d4 Nxd5 4. Nf3 g6 5. Be2 Bg7 6. 0-0 0-0 7. c4 Nb6 8. Nc3 Nc6 9. c5 Nd5 10. Bc4 Be6 11. Nxd5 Bxd5 12. Bxd5 Qxd5 13. Be3 Rad8 14. Re1 e6 15. Qa4 a6 16. Red1 Qd7 17. Qb3 a5 18. Rd2 Nb4 19. Bf4 Nd5 20. Bg3 Rb8 21. Qc2 Rfd8 22. Ne5 Qe8 23. a3 a4 24. Rd3 Ra8 25. Rad1 f6 26. Nc4 Qc6 27. Ne3 Rd7 28. Qd2 Rad8 29. Qc2 f5 30. Nc4 Ra8 31. Ne5 Bxe5 32. Bxe5 b6 33. Rc1 b5 34. f3 Rad8 35. Qd2 Rb8 36. Bg3 b4 37. Qc2 Rdd8 38. Kf2 Rb7 39. Rb1 Rdb8 40. Rdd1 bxa3 41. bxa3 Rxb1 42. Rxb1 Rxb1 43. Qxb1 f4 44. Bh4 Qa8 45. Kg1 Kg7 46. Qb5 c6 47. Qb2 Ne3 48. d5+ Kh6 49. dxe6 Qa6 50. Qc1 Qc8 51. e7 Qd7 52. Bf2 Qxe7 53. Qc3 Qe6 1/2-1/2

[Event "Bristol op"]
[Site "Bristol"]
[Date "2008.07.13"]
[Round "4"]
[White "Ilett, Raymond"]
[Black "Tippleston, Charles E"]
[Result "0-1"]
[WhiteElo "1896"]
[BlackElo "2192"]
[PlyCount "58"]
[EventDate "2008.07.11"]
[EventType "swiss"]
[EventRounds "5"]
[EventCountry "ENG"]
[SourceTitle "CBM 125 Extra"]
[Source "ChessBase"]
[SourceDate "2008.09.01"]
[SourceVersion "1"]
[SourceVersionDate "2008.09.01"]
[SourceQuality "1"]

1. d4 Nf6 2. c4 e6 3. Nc3 Bb4 4. Bg5 c5 5. d5 h6 6. Bh4 d6 7. e3 Bxc3+ 8. bxc3 e5 9. Bd3 Nbd7 10. Qc2 Qe7 11. f3 g5 12. Bg3 Rg8 13. Ne2 b6 14. h3 h5 15. h4 g4 16. Bf2 gxf3 17. gxf3 e4 18. Bxe4 Nxe4 19. Qxe4 Qxe4 20. fxe4 Ne5 21. Ng3 Bg4 22. Kd2 Nxc4+ 23. Kc2 Kd7 24. Rhg1 Bf3 25. Rae1 Ne5 26. Rc1 Rg6 27. Ra1 c4 28. Raf1 Rag8 29. Be1 Bxe4+ 0-1